Modernización y desarrollo social / (Record no. 109778)
[ view plain ]
| 000 -LEADER | |
|---|---|
| campo de control de longitud fija | 00645nam a2200193 4500 |
| 001 - NÚMERO DE CONTROL | |
| campo de control | 109778 |
| 003 - IDENTIFICADOR DE NÚMERO DE CONTROL | |
| campo de control | ES-MaACL |
| 005 - FECHA Y HORA DE LA ÚLTIMA TRANSACCIÓN | |
| campo de control | 20230906184917.0 |
| 007 - CAMPO FIJO DE DESCRIPCIÓN FÍSICA--INFORMACIÓN GENERAL | |
| campo de control de longitud fija | t| |
| 008 - DATOS DE LONGITUD FIJA--INFORMACIÓN GENERAL | |
| campo de control de longitud fija | 061121s1970 ag r ||||1| spa d |
| 245 00 - MENCIÓN DEL TÍTULO | |
| Título | Modernización y desarrollo social / |
| Mención de responsabilidad, etc. | Introducción y selección de Nilda Sito; [Traducción de Marta Rojzman, Marta Carlisky y Marcos Arocena]. |
| 260 ## - PUBLICACIÓN, DISTRIBUCIÓN, ETC. | |
| Lugar de publicación, distribución, etc. | Buenos Aires : |
| Nombre del editor, distribuidor, etc. | Nueva Visión, |
| Fecha de publicación, distribución, etc. | 1970. |
| 300 ## - DESCRIPCIÓN FÍSICA | |
| Extensión | 201 p. : |
| Otras características físicas | 20 cm. |
| 700 1# - ENTRADA AGREGADA--NOMBRE PERSONAL | |
| Nombre de persona | Sito, Nilda. |
| 9 (RLIN) | 106709 |
| 700 1# - ENTRADA AGREGADA--NOMBRE PERSONAL | |
| Nombre de persona | Rojzman, Marta. |
| 9 (RLIN) | 99117 |
| 700 1# - ENTRADA AGREGADA--NOMBRE PERSONAL | |
| Nombre de persona | Carlisky, Marta. |
| 9 (RLIN) | 35283 |
| 700 1# - ENTRADA AGREGADA--NOMBRE PERSONAL | |
| Nombre de persona | Arocena, Marcos. |
| 9 (RLIN) | 23143 |
| 852 ## - LOCALIZACIÓN | |
| Ubicación | ES-MaACL |
| Número de control de estantería | A-7822 |
| Sublocalización o colección | R.96408 |
| Estatus retirado | Estado de pérdida | Estado de daño | No para préstamo | Biblioteca de origen | Biblioteca actual | Ubicación en estantería | Fecha de adquisición | Fuente de adquisición | Total de préstamos | Signatura topográfica completa | Código de barras | Visto por última vez | Precio de reemplazo | Tipo de ítem Koha |
|---|---|---|---|---|---|---|---|---|---|---|---|---|---|---|
| Biblioteca del Ateneo de Madrid | Biblioteca del Ateneo de Madrid | Sala Pecera Planta 1 | 17/01/2008 | A-7822 | 1114540 | 23/02/2023 | 23/02/2023 | Libro impreso |
